|
|
|
|
| LEADER |
01381nam a2200277 a 4500 |
| 001 |
GR-MES12216 |
| 008 |
070515s nyu b 001 0 gre d |
| 020 |
|
|
|a 0879695722
|q (hardcover:alk.paper)
|
| 020 |
|
|
|a 0879695730
|q (con.wire-o:alk.paper)
|
| 040 |
|
|
|a GrPaTEI
|b gre
|c GR-PaULI
|
| 040 |
|
|
|a GrPaTEI
|b gre
|c GR-PaULI
|
| 082 |
|
0 |
|a 583.64
|2 21
|
| 100 |
1 |
|
|a Weigel, Detlef
|
| 245 |
1 |
0 |
|a Arabidopsis :
|b A laboratory manual /
|c Detlef Weigel / Jane Glazebrook.
|
| 260 |
|
|
|a New York :
|b Cold Spring Harbor Laboratory Press,
|c 2002
|
| 300 |
|
|
|a xii
|a 354σ. :
|b εικ. ;
|c 24εκ.
|
| 504 |
|
|
|a Περιλαμβάνει βιβλιογραφίες και ευρετήριο.
|
| 650 |
|
0 |
|a Arabidopsis
|
| 650 |
|
4 |
|a Βιολογία Κυτάρρου
|
| 650 |
|
4 |
|a Βιολογία
|x Γενετική
|
| 700 |
1 |
|
|a Glazebrook, Jane
|
| 942 |
|
|
|2 ddc
|
| 952 |
|
|
|0 0
|1 0
|2 ddc
|4 0
|6 583_640000000000000_WEI
|7 0
|9 270820
|a MSLG
|b MSLG
|c BSC
|d 2021-01-17
|e 24
|f 0
|g 0.00
|l 0
|o 583.64 WEI
|p 2420000021750
|r 2021-01-17 00:00:00
|t 1
|v 2021.00
|w 2021-01-17
|y BK15
|x Μεταφορά από Αμαλιάδα (18/10/22)
|x GrPaTEI
|
| 952 |
|
|
|0 0
|1 0
|2 ddc
|4 0
|6 583_640000000000000_WEI
|7 0
|9 270821
|a MSLG
|b MSLG
|c BSC
|d 2021-01-17
|e 24
|f 0
|g 0.00
|l 0
|o 583.64 WEI
|p 2420000021749
|r 2021-01-17 00:00:00
|t 1
|v 2021.00
|w 2021-01-17
|y BK15
|x 20070515 0 ΜΑΤΣΙΩΡΗ 1
|x GrPaTEI
|
| 971 |
|
|
|a .b25782630
|b 15-04-20
|c 13-09-16
|
| 999 |
|
|
|c 156465
|d 156465
|